000 00687nam a2200205Ii 4500
003 JO-AjNU
008 230605s9999||||xx |||||||||||||| ||und||
040 _aJO-AjNU
_bara
_erda
_cJO-AjNU
041 _aara
050 1 4 _aPZ90.A7 1982
100 3 _aنجيب ، احمد,
_eauthor
_948828
245 0 0 _aفن الكتابة للاطفال
264 3 1 _aمصر :دار الكاتب العربي للطباعة والنشر
300 _a191ص
336 _atext
_btxt
_2rdacontent
337 _aunmediated
_bn
_2rdamedia
338 _avolume
_bnc
_2rdacarrier
490 0 _aدراسات في ادب الاطفال 1
650 4 _a أدب الأطفال -- تاريخ ونقد 
_948829
999 _aA21409
_c24977
_d24977